Della Pubblica Felicita Oggetto de Buoni Principi, Trattato (Record no. 10893)

MARC details
000 -CABECERA
campo de control de longitud fija 00867nam a22002297a 4500
001 - NÚMERO DE CONTROL
campo de control BRCA_9274
003 - IDENTIFICADOR DEL NÚMERO DE CONTROL
campo de control FranzMayer
005 - FECHA Y HORA DE LA ÚLTIMA TRANSACCIÓN
campo de control 20230719143144.0
008 - DATOS DE LONGITUD FIJA--INFORMACIÓN GENERAL
campo de control de longitud fija 230719b |||||||| |||| 00| 0 eng d
040 ## - FUENTE DE LA CATALOGACIÓN
Centro catalogador/agencia de origen MFM
Lengua de catalogación esp
Centro/agencia transcriptor MFM
050 #4 - SIGNATURA TOPOGRÁFICA DE LA BIBLIOTECA DEL CONGRESO
Número de clasificación LE45
Número de documento/Ítem M87 1749
082 ## - NÚMERO DE LA CLASIFICACIÓN DECIMAL DEWEY
Número de edición BF778
100 1# - ENTRADA PRINCIPAL--NOMBRE DE PERSONA
Código de función/relación Autor
Nombre de persona Muratori, Ludovico Antonio
Forma completa/desarrollada del nombre Bibliotecario del Serenissimo Signor Duca di Modena
9 (RLIN) 28876
240 1# - TÍTULO UNIFORME
Título uniforme Della Pubblica Felicita Oggetto de Buoni Principi, Trattato
245 0# - MENCIÓN DE TÍTULO
Título Della Pubblica Felicita Oggetto de Buoni Principi, Trattato
260 ## - PUBLICACIÓN, DISTRIBUCIÓN, ETC.
Lugar de publicación, distribución, etc. Lucca, Italia
Nombre del editor, distribuidor, etc. Duca di Modena
Fecha de publicación, distribución, etc. 1749
300 ## - DESCRIPCIÓN FÍSICA
Extensión 461 p
Dimensiones 19.5 cm
505 0# - NOTA DE CONTENIDO CON FORMATO
Nota de contenido con formato Texto en: italianoDirigido a: filósofos, psicólogos, sociólogos, Incluye índice temático
650 1# - PUNTO DE ACCESO ADICIONAL DE MATERIA--TÉRMINO DE MATERIA
Fuente del encabezamiento o término Filosofía
Término de materia o nombre geográfico como elemento de entrada Ética
Subdivisión de forma Valores
9 (RLIN) 28877
651 2# - PUNTO DE ACCESO ADICIONAL DE MATERIA--NOMBRE GEOGRÁFICO
Fuente del encabezamiento o término Psicología
Nombre geográfico Estudios psicologicos
Subdivisión de forma Felicidad
9 (RLIN) 28878
942 ## - ELEMENTOS DE PUNTO DE ACCESO ADICIONAL (KOHA)
Fuente del sistema de clasificación o colocación Library of Congress Classification
Tipo de ítem Koha Libros
Holdings
Estado de retiro Estado de pérdida Fuente del sistema de clasificación o colocación Estado dañado No para préstamo Código de colección Localización permanente Ubicación/localización actual Fecha de adquisición Fuente de adquisición Total de préstamos Signatura topográfica completa Código de barras Fecha visto por última vez Precio válido a partir de Tipo de ítem Koha
El ejemplar forma parte de la colección y puede ser consultado según las políticas vigentes.   Library of Congress Classification     Conventual Franz Mayer Biblioteca del Museo Franz Mayer (Rogerio Casas-Alatriste) Biblioteca del Museo Franz Mayer (Rogerio Casas-Alatriste) 19/07/2023 Donación   LE45 M87 1749 CFM00508 19/07/2023 19/07/2023 Libros